Statistics for Mountains A-Z #1

Click here to take the quiz!

General Stats

  • This quiz has been taken 14 times
  • The average score is 4 of 25

Answer Stats

QuestionHintAnswer% Correct
The highest mountain of the United Kingdom.BBen Nevis
85%
The highest peak of Africa.KKilimanjaro
69%
With a peak elevation of 6,263 m (20,548 ft) is the highest mountain in Ecuador.CChimborazo
46%
An eight-thousander with a height of 8,516 m above sea level, the fourth highest peak of the Earth.LLhotse
38%
It is also known as Mount Cook.AAoraki
31%
Is the eighth-highest peak in the U.S. state of Wyoming and the seventh-highest in the Wind River Range.JJackson Peak
23%
Is a monolithic limestone promontory located in the British territory of Gibraltar.RRock of Gibraltar
23%
Is the highest peak of the Wetterstein Mountains as well as the highest mountain in Germany.ZZugspitze
23%
Is the second-highest mountain of the Alps and Western Europe, after Mont Blanc.DDufourspitze
15%
It is the highest volcano on Earth and the highest peak in Chile.OOjos del Salado
15%
The highest peak in all of Australia and Oceania.PPuncak Jaya
15%
The name of the mountain is Kashmiri, it comes from Sanskrit and means "Naked Mountain".NNanga Parbat
8%
Is a mountain on the border between the Czech Republic and Poland, the most prominent point of the Silesian Ridge in the Giant Mountains (Krkonoše)SSněžka
8%
The summit was named in 1888 by the German journalist Hugo Zöller in honor of von Bismarck. (Mount ______)WWilhelm
8%
A stratovolcano in southern Peru near the city of Arequipa. The last eruption was in 1985, and the previous eruption was confirmed in 1787EEl Misti
0%
It is the highest mountain in the Canton of Bern and also the highest mountain in the Alps outside the main chain.FFinsteraarhorn
0%
Is the highest peak in the Carpathian Mountains.GGerlachovský štít
0%
The highest point (1,324 m) in Finland. The mountain is actually 1,365 meters high, but its peak is already abroad, in Norway.HHalti
0%
Is located in the Lewis Range, Glacier National Park in the U.S. state of Montana. Its height is 9,149 ft (2,789 m).IIceberg Peak
0%
Rising to 2,386 meters above sea level in the south-eastern part of Bosnia and Herzegovina, in the Sutjeska National Park, on the border with Montenegro.MMaglić
0%
Is a water-filled crater lake and the most western volcano in the Ecuadorian Andes.QQuilotoa
0%
Is the highest mountain in Slovenia and the highest peak of the Julian Alps.TTriglav
0%
Is the southeasternmost major peak of the Batura Muztagh, a subrange of the Karakoram range.UUltar
0%
It is the highest peak of the French Pyrenees.VVignemale
0%
The headwater of Japan's longest river, the Shinano River, begins here as the Azusa River. (Mount ____)YYari
0%

Score Distribution

Percentile by Number Answered

Percent of People with Each Score

Your Score History

You have not taken this quiz